Zefektívnenie komunikácie zariadení v rámci Internetu vecí prostredníctvom redundancie prístupových bodov

Saved in:
Bibliographic Details
Main Author: Horňáček, Július (Author)
Other Authors: Macko, Dominik (Thesis advisor)
Format: Manuscript Book
Language:Slovak
Published: 2021
Subjects:
Online Access:http://is.stuba.sk/zp/portal_zp.pl?podrobnosti=158919
Tags: Add Tag
No Tags, Be the first to tag this record!

MARC

LEADER 00000ntm a22000003a 4500
001 stuzp85719
003 SK-STU
005 20210619212143.3
007 ta
008 150427s2015----xo-----f-mn---000-0-slo-d
040 |a STU  |b slo 
041 0 |a slo 
100 1 |a Horňáček, Július  |u 070400  |4 aut  |U FIIT Fakulta informatiky a informačných technológií  |T FIIT Ústav počítačového inžinierstva a aplikovanej informatiky  |X 79558  |U I400  |Y 672  |7 79558 
242 0 1 |a Increasing communication efficiency of IoT devices by redundancy of access points  |y eng 
245 1 0 |a Zefektívnenie komunikácie zariadení v rámci Internetu vecí prostredníctvom redundancie prístupových bodov 
260 |c 2021 
650 4 |a IoT  |2 slo 
650 4 |a plánovanie komunikácie  |2 slo 
650 4 |a prístupový bod  |2 slo 
650 4 |a IoT  |2 eng 
650 4 |a access point  |2 eng 
650 4 |a communication planning  |2 eng 
700 1 |a Macko, Dominik  |u 070400  |k Z1  |4 ths  |U FIIT Fakulta informatiky a informačných technológií  |T FIIT Ústav počítačového inžinierstva a aplikovanej informatiky  |X 35524  |U I400  |Y 672  |7 35524 
856 4 |u http://is.stuba.sk/zp/portal_zp.pl?podrobnosti=158919